Análisis económico de tuberías de hierro dúctil con anclajes de concreto masivo comparado con tubería acerrojada
محفوظ في:
| المؤلف الرئيسي: | |
|---|---|
| التنسيق: | كتاب |
| منشور في: |
San José, C.R
1998
|
| الموضوعات: | |
| الوسوم: |
إضافة وسم
لا توجد وسوم, كن أول من يضع وسما على هذه التسجيلة!
|
MARC
| LEADER | 00000nam a2200000Ia 4500 | ||
|---|---|---|---|
| 003 | 008577 | ||
| 005 | 20221231144221.0 | ||
| 008 | 140114s1998 cr a m 000 ||s d | ||
| 040 | |c cru CEDI | ||
| 090 | |a TFG 3909 | ||
| 100 | |a Moya Saborío, Dickson Eduardo |9 8905 | ||
| 245 | |a Análisis económico de tuberías de hierro dúctil con anclajes de concreto masivo comparado con tubería acerrojada | ||
| 260 | |c 1998 |a San José, C.R | ||
| 300 | |a vii, 156 páginas | ||
| 500 | |a Tesis (licenciatura en ingeniería civil)--Universidad de Costa Rica. Facultad de Ingeniería. Escuela de Ingeniería Civil | ||
| 650 | |x TUBERIAS DE HIERRO |x INSTALACIONES DE TUBERIAS |x TUBERIAS |x EQUIPO Y ACCESORIOS |x TUBERIAS PARA AGUA |x DISEÑO Y CONSTRUCCION |9 8906 | ||
| 942 | |c TFG | ||
| 999 | |c 18586 |d 18586 | ||
